| 000 | 00697nam a2200229 a 4500 | ||
|---|---|---|---|
| 001 | 000021814 | ||
| 003 | DO-SdBNP | ||
| 005 | 20220811134941.0 | ||
| 007 | ta | ||
| 008 | 100913s1928 dr 000 0 spa d | ||
| 040 |
_aDO-SdBNP _bspa _cBNPHU |
||
| 082 |
_axxx _bP438l |
||
| 100 | 1 |
_aPérez, José Joaquín _d1845-1900 _925442 |
|
| 245 | 1 | 3 |
_aLa lira / _cJosé Joaquín Pérez. |
| 260 |
_aSanto Domingo : _bJ. R. Vda. García, _c1928. |
||
| 300 |
_a297 p. ; _c20 cm. |
||
| 500 | _aIncluye notas al pie de las páginas | ||
| 500 | _aedición hecha en cumplimiento de un acuerdo de la Sociedad la Republicana. | ||
| 590 | _aInventariado, 2022/ YL | ||
| 910 | _aYLockward | ||
| 942 |
_2ddc _cLBS1 |
||
| 999 |
_c21312 _d21312 |
||